000 00872nam a22002057a 4500
999 _c11763
_d11763
003 AR-CdUCM
008 190404b ||||| |||| 00| 0 spa d
040 _aMUNICIPALIDAD PROVINCIAL DEL CUSCO
_cBIBLIOTECA MUNICIPAL DEL CUSCO
082 _a335.6 /
_bD582 / 1935
100 _aDimitrof, G.
_929278
245 _a¡Frente popular en todo el mundo! :
_bDiscursos integros de Dimitrof en el VII congreso de la internacional comunista /
260 _aChile :
_bEditorial Ulam,
_c1935.
300 _a169 páginas ;
_c18 cm.
505 _aContenido: El fascismo y la clase obrera -- El frente único de la clase obrera contra el fascismo -- El fortalecimiento de los partidos comunistas. La lucha por la unidad política del proletariado...
650 _aProletariado
_94333
650 _aEconomía
_9382
650 _afascismo
_93453
942 _2ddc
_cLIBROS
945 _adavv